| 000 | 00662nam a2200241Ia 4500 | ||
|---|---|---|---|
| 003 | OSt | ||
| 005 | 20220918230036.0 | ||
| 006 | a|||||r|||| 00| 0 | ||
| 007 | ta | ||
| 008 | 220917b |||||||| |||| 00| 0 eng d | ||
| 024 | _a247,944 | ||
| 037 | _cTextual | ||
| 040 |
_aARTS _cARTS _beng |
||
| 041 |
_2eng _aeng |
||
| 082 | _aX 9WC.2, K2 | ||
| 100 | _aPrakash Om | ||
| 245 | 0 |
_aTheory and working of stste corporations _b with special reference to India |
|
| 260 |
_aLondon _bGeorge Allen & Uniwin Ltd. UK _c1962 |
||
| 300 |
_a272p. _ccm. |
||
| 650 | _aECONOMICS | ||
| 942 |
_hX 9WC.2, K2 _cTEXL _2CC |
||
| 999 |
_c286856 _d286856 |
||